Dinero, banca y mercados financieros : (Registro nro. 5601)

Detalles MARC
000 -LEADER
fixed length control field 01569nam a2200313Ia 4500
003 - CONTROL NUMBER IDENTIFIER
control field OSt
005 - DATE AND TIME OF LATEST TRANSACTION
control field 20200620172947.0
008 - FIXED-LENGTH DATA ELEMENTS--GENERAL INFORMATION
fixed length control field 191128s2010 mx ad fr 000 0dspa d
020 ## - INTERNATIONAL STANDARD BOOK NUMBER
International Standard Book Number 9789586827737
040 ## - CATALOGING SOURCE
Original cataloging agency CO-JMCR
Transcribing agency CO-JMCR
041 0# - LANGUAGE CODE
Language code of text/sound track or separate title spa
082 04 - DEWEY DECIMAL CLASSIFICATION NUMBER
Classification number 332.4 /
Item number G652d
Edition number 23
100 1# - MAIN ENTRY--PERSONAL NAME
Personal name Gómez Pineda, Javier Guillermo,
Relator term autor
9 (RLIN) 5871
245 10 - TITLE STATEMENT
Title Dinero, banca y mercados financieros :
Remainder of title los países emergentes en la economía global /
Statement of responsibility, etc. Javier Guillermo Gómez Pineda
250 ## - EDITION STATEMENT
Edition statement Primera edición
260 ## - PUBLICATION, DISTRIBUTION, ETC.
Place of publication, distribution, etc. México ; Bogotá :
Name of publisher, distributor, etc. Alfaomega : Banco de la República,
Date of publication, distribution, etc. 2010
300 ## - PHYSICAL DESCRIPTION
Extent xxiv, 359 páginas :
Other physical details gráficos a blanco y negro ;
Dimensions 24 cm.
500 ## - GENERAL NOTE
General note Incluye datos biográficos del autor.
504 ## - BIBLIOGRAPHY, ETC. NOTE
Bibliography, etc. note Bibliografía: páginas 347-354
505 0# - FORMATTED CONTENTS NOTE
Formatted contents note El mercado del dinero -- El dinero -- La oferta de dinero -- La demanda de dinero -- La relación entre el dinero y la inflación -- El mercado de divisas -- Teorías de la tasa de cambio -- La intervención en el mercado cambiario -- Los mercados financieros
520 ## - SUMMARY, ETC.
Summary, etc. Este libro de texto integra exitosamente aspectos centrales que se encuentran dispersos o parcialmente ausentes en otros textos de estudio: el tratamiento simultáneo de temas monetarios y financieros, la plena consideración de las características.
650 14 - SUBJECT ADDED ENTRY--TOPICAL TERM
Topical term or geographic name entry element Moneda
General subdivision finanzas
9 (RLIN) 5872
650 14 - SUBJECT ADDED ENTRY--TOPICAL TERM
Topical term or geographic name entry element Bancos
9 (RLIN) 5829
650 14 - SUBJECT ADDED ENTRY--TOPICAL TERM
Topical term or geographic name entry element Instituciones financieras
9 (RLIN) 2236
650 14 - SUBJECT ADDED ENTRY--TOPICAL TERM
Topical term or geographic name entry element Mercados
General subdivision inflación
9 (RLIN) 5873
650 14 - SUBJECT ADDED ENTRY--TOPICAL TERM
Topical term or geographic name entry element Mercado de valores
9 (RLIN) 5874
650 24 - SUBJECT ADDED ENTRY--TOPICAL TERM
Topical term or geographic name entry element Cambio exterior
9 (RLIN) 5875
942 ## - ADDED ENTRY ELEMENTS (KOHA)
Source of classification or shelving scheme Dewey Decimal Classification
Koha item type Books
Existencias
Withdrawn status Lost status Source of classification or shelving scheme Damaged status Not for loan Collection code Home library Current library Date acquired Source of acquisition Cost, normal purchase price Total Checkouts Full call number Barcode Date last seen Copy number Koha item type
    Dewey Decimal Classification     Non-fiction Biblioteca Pública José María del Castillo y Rada Biblioteca Pública José María del Castillo y Rada 04/15/2018 Donación 0.00   332.4 / G652d 430002506 05/16/2024 Ej.1 Books